| 000 | 00567cam a22001814a 4500 | ||
|---|---|---|---|
| 001 | 15203899 | ||
| 005 | 20240220060509.0 | ||
| 008 | 080304s2007 np a 100 0 eng | ||
| 040 |
_aDLC _cDLC _dDLC |
||
| 082 |
_222 _a320.9. _bSOU. |
||
| 245 | 1 | 0 |
_aSouth Asian peoples identity agenda / _ceditors, Prakash Shrestha, Upendra Poudel |
| 260 |
_aKathmandu : _bSouth Asia Partnership International, _c2007. |
||
| 300 | _aviii, 117 p. : | ||
| 500 | _a"South Asian Peoples Summit." | ||
| 700 | 1 |
_aShrestha, Prakash. _eedt |
|
| 700 | 1 |
_aPoudel, Upendra Kumar. _eedt |
|
| 942 | _cL | ||
| 999 |
_c439 _d439 |
||